Anything but The Gambia Quiz Stats

 Plays Quiz not verified by Sporcle

Score 0/43 Timer 06:00
7 Plays Today
Hint Answer % Correct
Begin with GGuinea
93.5%
Border SenegalGuinea
93.5%
Begin with GGuinea-Bissau
89.1%
Border SenegalGuinea-Bissau
89.1%
Are smaller than Qatar (not including island countries)San Marino
84.8%
Have a capital city beginning with 'BA'Mali (Bamako)
84.8%
Border SenegalMali
84.8%
Are smaller than Qatar (not including island countries)Vatican City
84.8%
Are named after African riversNiger
84.4%
Begin with GGermany
84.3%
Are smaller than Qatar (not including island countries)Monaco
84%
Begin with GGhana
83.8%
Begin with GGabon
83.8%
Are named after African riversGabon
83.8%
Are smaller than Qatar (not including island countries)Liechtenstein
82.7%
Begin with GGuyana
82.5%
Are smaller than Qatar (not including island countries)Andorra
80.2%
Begin with GGuatemala
79.8%
Are named after African riversDemocratic Republic of the Congo
79.6%
Are smaller than Qatar (not including island countries)Luxembourg
78.5%
Are named after African riversNigeria
77.9%
Border SenegalMauritania
75.5%
Hint Answer % Correct
Are named after African riversRepublic of the Congo
75.4%
Begin with GGrenada
75.3%
Begin with GGreece
73.8%
Are named after African riversZambia
65.1%
Begin with GGeorgia
59.7%
Have a capital city beginning with 'BA'Brunei (Bandar Seri Begawan)
57.3%
Are named after African riversCameroon
49.5%
Have a capital city beginning with 'BA'Central African Republic (Bangui)
49.5%
Have a blue, green, red and white flagDjibouti
42.1%
Are named after African riversSenegal
40.3%
Are smaller than Qatar (not including island countries)Palestine
39.2%
Have a capital city beginning with 'BA'Iraq (Baghdad)
37.6%
Have a capital city beginning with 'BA'Thailand (Bangkok)
36.5%
Have a capital city beginning with 'BA'Azerbaijan (Baku)
36.3%
Have a blue, green, red and white flagAzerbaijan
36.3%
Are smaller than Qatar (not including island countries)Kosovo
32.6%
Have a blue, green, red and white flagBelize
32.1%
Have a blue, green, red and white flagEquatorial Guinea
31.7%
Have a capital city beginning with 'BA'Saint Kitts and Nevis (Basseterre)
27.6%
Are smaller than Qatar (not including island countries)Lebanon
27%
Have a blue, green, red and white flagUzbekistan
8.6%

You're not logged in!

Compare scores with friends on all Sporcle quizzes.
OR
Log In

Show Comments

Extras

Top Quizzes Today


Score Distribution

Your Account Isn't Verified!

In order to create a playlist on Sporcle, you need to verify the email address you used during registration. Go to your Sporcle Settings to finish the process.

Report this User

Report this user for behavior that violates our Community Guidelines.

Details: